Vol. 124, № 3; Transactions of the ASME. F-Journal of Tribology

Библиографические подробности
Источник:Transactions of the ASME. F-Journal of Tribology: научный журнал. Vol. 124, № 3.— , 2001-2002.— 0742-4787
Язык:английский
Опубликовано: 2002
Формат: Книга
Запись в KOHA:https://koha.lib.tpu.ru/cgi-bin/koha/opac-detail.pl?biblionumber=549217

MARC

LEADER 00000nam2a2200000 4500
001 549217
005 20231101120513.0
035 |a (RuTPU)RU\TPU\prd\242429 
035 |a RU\TPU\prd\242426 
090 |a 549217 
100 |a 20151005a20029999k y0engy50 ba 
101 0 |a eng 
102 |a RU 
200 0 |a Vol. 124, № 3 
210 |d 2002 
461 1 |0 (RuTPU)RU\TPU\prd\1183  |x 0742-4787  |t Transactions of the ASME. F-Journal of Tribology  |o научный журнал  |v Vol. 124, № 3  |d 2001-2002 
801 0 |a RU  |b 63413507  |c 20010227  |g PSBO 
801 1 |a RU  |b 63413507  |c 20020228  |g PSBO 
801 2 |a RU  |b 63413507  |c 20151005  |g PSBO 
942 |c BK 
999 |a НТБ_ТПУ  |b НФ  |e -19/20150916  |p П-172F  |u 0,00  |v 1